[Event "Issykkul op"]
[Site "Korumdu"]
[Date "2023.07.16"]
[Round "6"]
[White "Fominyh, Alexander"]
[Black "Khakimov, Timur"]
[Result "1-0"]
[WhiteElo "2193"]
[BlackElo "2205"]
[PlyCount "113"]
[EventDate "2023.07.12"]
[EventType "swiss"]
[EventRounds "10"]
[EventCountry "KGZ"]
[SourceTitle "CBM 215 Extra"]
[Source "ChessBase"]
[SourceDate "2023.09.30"]
[SourceVersion "1"]
[SourceVersionDate "2023.09.30"]
[SourceQuality "1"]

1. c4 e6 2. d4 d5 3. Nf3 c5 4. cxd5 exd5 5. Bg5 Be7 6. Bxe7 Nxe7 7. Nc3 Nbc6 8. e3 c4 9. Be2 0-0 10. 0-0 b5 11. e4 dxe4 12. Nxe4 Qb6 13. b3 Bf5 14. Nd6 Rad8 15. bxc4 bxc4 16. Nxc4 Qb8 17. Qb3 Nxd4 18. Nxd4 Rxd4 19. Rfd1 Nc6 20. Ne3 Be6 21. Qc3 Rxd1+ 22. Rxd1 Rc8 23. a3 Qb3 24. Qxb3 Bxb3 25. Rc1 Ne7 26. Rxc8+ Nxc8 27. Kf1 Nd6 28. Bd3 Kf8 29. Ke2 Ke7 30. Kd2 g6 31. Kc3 Be6 32. Kd4 Nb7 33. f4 Na5 34. Kc5 Nb3+ 35. Kb4 a5+ 36. Kc3 Nc5 37. Bc2 Bd7 38. g3 Ba4 39. Kc4 Kd6 40. Bxa4 Nxa4 41. Kb5 Nc3+ 42. Kxa5 Kc5 43. Ng4 Nb1 44. Ka4 Nd2 45. Ne5 Nf1 46. Nf3 Kc4 47. Ka5 Kd3 48. Kb4 Ke3 49. Ng5 h5 50. a4 f6 51. Nh7 Nxh2 52. Nxf6 Nf1 53. a5 Nxg3 54. a6 h4 55. a7 h3 56. a8Q Kxf4 57. Qa2 1-0

[Event "Issykkul op"]
[Site "Korumdu"]
[Date "2023.07.12"]
[Round "1"]
[White "Khusenkhojaev, Muhammad"]
[Black "Fominyh, Alexander"]
[Result "1/2-1/2"]
[WhiteElo "2375"]
[BlackElo "2193"]
[PlyCount "152"]
[EventDate "2023.07.12"]
[EventType "swiss"]
[EventRounds "10"]
[EventCountry "KGZ"]
[SourceTitle "CBM 215 Extra"]
[Source "ChessBase"]
[SourceDate "2023.09.30"]
[SourceVersion "1"]
[SourceVersionDate "2023.09.30"]
[SourceQuality "1"]

1. d4 d5 2. c4 dxc4 3. Nf3 Nf6 4. e3 Bg4 5. Bxc4 e6 6. h3 Bh5 7. Nc3 Nbd7 8. g4 Bg6 9. Nh4 Nb6 10. Nxg6 hxg6 11. Bf1 Bd6 12. Bg2 c6 13. 0-0 e5 14. Re1 0-0 15. dxe5 Bxe5 16. Qc2 Nfd5 17. Nxd5 Nxd5 18. Bd2 Qb6 19. Rab1 a5 20. a3 Rfd8 21. b4 axb4 22. axb4 Nc7 23. Red1 Nb5 24. Rbc1 Ra3 25. Qc4 Rad3 26. Qc2 Na3 27. Qa2 Bc3 28. Rxc3 Rxc3 29. Be4 Nc4 30. Bxc3 Rxd1+ 31. Kh2 Qc7+ 32. Kg2 b5 33. Bd4 Qc8 34. Qa7 Nd2 35. Bxg6 Qe8 36. Bf5 Nc4 37. Qc7 g6 38. Bc2 Rd2 39. Qf4 Nxe3+ 40. Bxe3 Rxc2 41. Kg3 Rc4 42. Qf6 Qe6 43. Qd8+ Kg7 44. Bd4+ Rxd4 45. Qxd4+ f6 46. g5 Kf7 47. Qxf6+ Qxf6 48. gxf6 c5 49. bxc5 Kxf6 50. Kf4 Ke6 51. Ke4 b4 52. Kd4 b3 53. Kc3 Kd5 54. Kxb3 Kxc5 55. Kc3 Kd5 56. Kd3 Ke5 57. Ke3 g5 58. Kf3 Kf5 59. Kg3 Kf6 60. Kg4 Kg6 61. Kg3 Kf5 62. Kf3 Kf6 63. Ke4 Ke6 64. Kd4 Kd6 65. Kc4 Ke5 66. Kd3 Kf4 67. Ke2 Ke4 68. Kf1 Kf3 69. Kg1 Kf4 70. Kg2 Ke4 71. Kg3 Kf5 72. Kf3 Kf6 73. Kg4 Kg6 74. f3 Kf6 75. Kh5 Kf5 76. Kh6 Kf6 1/2-1/2

[Event "Veyangoda Queenstar op"]
[Site "Veyangoda"]
[Date "2023.04.19"]
[Round "7"]
[White "Bentharaarachchi, Vinuga Ometh"]
[Black "Fominyh, Alexander"]
[Result "1/2-1/2"]
[WhiteElo "1424"]
[BlackElo "2212"]
[PlyCount "73"]
[EventDate "2023.04.16"]
[EventType "swiss"]
[EventRounds "9"]
[EventCountry "SRI"]
[SourceTitle "EXT 2024"]
[Source "ChessBase"]
[SourceDate "2023.10.10"]
[SourceVersion "1"]
[SourceVersionDate "2023.10.10"]
[SourceQuality "1"]

1. Nf3 Nf6 2. g3 d5 3. Bg2 g6 4. 0-0 Bg7 5. d3 0-0 6. Nbd2 Nc6 7. e4 e5 8. Re1 d4 9. Nc4 Ne8 10. Bg5 f6 11. Bd2 Nd6 12. Nxd6 Qxd6 13. Qc1 Be6 14. Bh6 Ne7 15. Bxg7 Kxg7 16. Qd2 c5 17. b3 a6 18. a4 b6 19. Nh4 b5 20. Bf1 Bd7 21. axb5 axb5 22. f4 h6 23. Nf3 Bc6 24. Bg2 c4 25. bxc4 bxc4 26. dxc4 g5 27. fxe5 fxe5 28. Ra5 Ng6 29. Rea1 Rxa5 30. Rxa5 Rb8 31. Qd3 Qc7 32. Ra1 Nf8 33. Nd2 Nd7 34. Nb3 Nf6 35. Nd2 Nd7 36. Nb3 Nf6 37. Nd2 1/2-1/2

[Event "Veyangoda Queenstar op"]
[Site "Veyangoda"]
[Date "2023.04.18"]
[Round "5"]
[White "Fominyh, Alexander"]
[Black "Fernando, JM Marlon P"]
[Result "1-0"]
[WhiteElo "2212"]
[BlackElo "1454"]
[PlyCount "77"]
[EventDate "2023.04.16"]
[EventType "swiss"]
[EventRounds "9"]
[EventCountry "SRI"]
[SourceTitle "EXT 2024"]
[Source "ChessBase"]
[SourceDate "2023.10.10"]
[SourceVersion "1"]
[SourceVersionDate "2023.10.10"]
[SourceQuality "1"]

1. d4 Nf6 2. Nf3 g6 3. c4 c5 4. g3 cxd4 5. Nxd4 Bg7 6. Bg2 0-0 7. Nc3 Nc6 8. Nc2 d6 9. 0-0 h5 10. h3 Be6 11. Ne3 Re8 12. Bd2 Rb8 13. Rc1 a6 14. Ncd5 Bxd5 15. cxd5 Na7 16. Nc4 Nd7 17. Be3 Nc8 18. b4 Ndb6 19. Na5 Qd7 20. Qd3 Na4 21. h4 Ncb6 22. Kh2 Rec8 23. Rxc8+ Rxc8 24. Bh3 f5 25. Bxb6 Nxb6 26. e4 Rc3 27. Qe2 Qb5 28. Qxb5 axb5 29. exf5 Nxd5 30. fxg6 Nxb4 31. Rb1 Nc6 32. Rxb5 Nxa5 33. Be6+ Kf8 34. Rxa5 Bd4 35. Rd5 Bc5 36. Rxh5 Kg7 37. Bf5 Kf6 38. Rh7 Bxf2 39. g4 1-0

[Event "Johor op-A 7th"]
[Site "Johor"]
[Date "2022.12.29"]
[Round "6"]
[White "Fominyh, Alexander"]
[Black "Nguyen, Thien Ngan"]
[Result "0-1"]
[WhiteElo "2265"]
[BlackElo "1923"]
[PlyCount "110"]
[EventDate "2022.12.26"]
[EventType "swiss"]
[EventRounds "9"]
[EventCountry "MAS"]
[SourceTitle "CBM 212 Extra"]
[Source "ChessBase"]
[SourceDate "2023.03.31"]
[SourceVersion "1"]
[SourceVersionDate "2023.03.31"]
[SourceQuality "1"]

1. c4 e6 2. Nf3 d5 3. g3 c5 4. cxd5 exd5 5. d4 Nc6 6. Bg2 Nf6 7. 0-0 Be7 8. Nc3 0-0 9. b3 Bg4 10. dxc5 Bxc5 11. Na4 Be7 12. Bb2 Re8 13. Rc1 Rc8 14. h3 Be6 15. Nc5 b6 16. Nxe6 fxe6 17. Qd3 Ne4 18. Ne5 Nc5 19. Qd2 Nxe5 20. Bxe5 Bf6 21. Bxf6 Qxf6 22. Rc2 Rf8 23. e3 Rcd8 24. Rd1 Rd7 25. b4 Nb7 26. Qd4 Rfd8 27. Qxf6 gxf6 28. f4 Nd6 29. Kf2 Kf7 30. g4 Ke7 31. h4 h6 32. Ke2 h5 33. gxh5 Rg8 34. Bf3 Nf5 35. Kf2 Nxh4 36. Rh1 Nf5 37. Rcc1 Rh8 38. Rc6 Rh6 39. Rc8 Ng7 40. Rhc1 Ne8 41. Rg1 Kf7 42. Rgc1 f5 43. Rg1 Ng7 44. Rg5 Ne8 45. Rg6 Rxg6 46. hxg6+ Ke7 47. Kg3 Rd8 48. Rxd8 Kxd8 49. Kh4 Ke7 50. Kg5 Kf8 51. Kh6 Kg8 52. g7 Nxg7 53. Kg6 Ne8 54. Be2 Kf8 55. Bh5 Nd6 0-1

[Event "Johor op-A 7th"]
[Site "Johor"]
[Date "2022.12.27"]
[Round "2"]
[White "Fominyh, Alexander"]
[Black "Xie, Kaifan"]
[Result "1/2-1/2"]
[WhiteElo "2265"]
[BlackElo "2123"]
[PlyCount "88"]
[EventDate "2022.12.26"]
[EventType "swiss"]
[EventRounds "9"]
[EventCountry "MAS"]
[SourceTitle "CBM 212 Extra"]
[Source "ChessBase"]
[SourceDate "2023.03.31"]
[SourceVersion "1"]
[SourceVersionDate "2023.03.31"]
[SourceQuality "1"]

1. c4 e6 2. Nf3 d5 3. g3 dxc4 4. Qa4+ Nd7 5. Qxc4 a6 6. Bg2 b5 7. Qc2 Bb7 8. 0-0 Ngf6 9. a4 c5 10. axb5 axb5 11. Rxa8 Qxa8 12. d3 Be7 13. Qb3 Bc6 14. Bg5 h6 15. Bxf6 Nxf6 16. Ne1 Nd5 17. Nc2 0-0 18. Nd2 Rd8 19. Ra1 Qb7 20. Bf3 Qb6 21. Kf1 Bf6 22. Ra2 Qc7 23. Ne4 Be7 24. Ra1 Bb7 25. Ne1 Nb6 26. Qc2 c4 27. Rd1 Rc8 28. Nd2 cxd3 29. Qxd3 Na4 30. Qb3 Rd8 31. Nd3 Bxf3 32. Nxf3 Qc6 33. Rd2 Bf6 34. Rc2 Qb7 35. Nc5 Nxc5 36. Rxc5 b4 37. Rc4 Rb8 38. Kg1 Qd5 39. e4 Qb5 40. Rc2 Ra8 41. Rc4 Rb8 42. Rc2 Rd8 43. Rc4 Bxb2 44. Qxb4 Qxb4 1/2-1/2

[Event "Penang op-A 14th"]
[Site "Penang"]
[Date "2022.12.22"]
[Round "6"]
[White "Tin, Shan Wen"]
[Black "Fominyh, Alexander"]
[Result "0-1"]
[WhiteElo "1907"]
[BlackElo "2265"]
[PlyCount "84"]
[EventDate "2022.12.19"]
[EventType "swiss"]
[EventRounds "9"]
[EventCountry "MAS"]
[SourceTitle "CBM 211 Extra"]
[Source "ChessBase"]
[SourceDate "2023.01.31"]
[SourceVersion "1"]
[SourceVersionDate "2023.01.31"]
[SourceQuality "1"]

1. e4 c5 2. Nc3 e6 3. f4 d5 4. Nf3 d4 5. Bb5+ Nd7 6. Ne2 Ngf6 7. d3 Qa5+ 8. c3 Qxb5 9. cxd4 Be7 10. 0-0 0-0 11. h3 Qa6 12. g4 cxd4 13. g5 Ne8 14. Nexd4 Nd6 15. Kh1 Rd8 16. Rg1 Nc5 17. Ne5 Qa4 18. Nc2 Ndxe4 19. Qe2 Nd6 20. b3 Qa6 21. Bb2 Nf5 22. Ne3 Nxe3 23. Qxe3 Nxd3 24. Nxf7 Kxf7 25. g6+ hxg6 26. Rxg6 Qc6+ 27. Kh2 Qc2+ 28. Rg2 Qxg2+ 29. Kxg2 Nxb2 30. f5 exf5 31. Re1 Bf6 32. Qf3 Be6 33. Qh5+ Ke7 34. Qxf5 Rd6 35. h4 Kf7 36. Qb5 Rad8 37. Re3 Bd5+ 38. Kg3 Bd4 39. Re2 Rg6+ 40. Kh2 Bg1+ 41. Kh3 Be6+ 42. Rxe6 Rd3+ 0-1

[Event "Penang op-A 14th"]
[Site "Penang"]
[Date "2022.12.20"]
[Round "2"]
[White "Lim, Kian Guan"]
[Black "Fominyh, Alexander"]
[Result "0-1"]
[WhiteElo "1469"]
[BlackElo "2265"]
[PlyCount "99"]
[EventDate "2022.12.19"]
[EventType "swiss"]
[EventRounds "9"]
[EventCountry "MAS"]
[SourceTitle "CBM 211 Extra"]
[Source "ChessBase"]
[SourceDate "2023.01.31"]
[SourceVersion "1"]
[SourceVersionDate "2023.01.31"]
[SourceQuality "1"]

1. d4 d5 2. c4 dxc4 3. e3 e5 4. Bxc4 exd4 5. exd4 Nf6 6. Nf3 Bd6 7. 0-0 0-0 8. Bg5 Nc6 9. h3 h6 10. Be3 Bf5 11. Re1 Nb4 12. Re2 c6 13. Nc3 Nbd5 14. Nxd5 cxd5 15. Bd3 Bxd3 16. Qxd3 Re8 17. Rc1 a6 18. Rec2 Qa5 19. a3 Qb5 20. Qxb5 axb5 21. Ne1 Ra4 22. Nd3 Rc4 23. Kf1 Rec8 24. Ne1 R8c6 25. Ke2 Kf8 26. Kd3 Ke7 27. b3 Rxc2 28. Nxc2 Ne4 29. Bd2 Nxf2+ 30. Ke2 Ne4 31. Bb4 Bxb4 32. axb4 Rc3 33. Kd1 Rxb3 34. Ra1 Rg3 35. Ne1 h5 36. Ke2 g5 37. Ra5 Nd6 38. Ra2 h4 39. Kf1 Rb3 40. Nc2 f5 41. Ke2 f4 42. Ra8 Rg3 43. Ne1 Nf5 44. Rb8 Nxd4+ 45. Kf2 Rb3 46. Rxb7+ Ke6 47. Rg7 Rb2+ 48. Kf1 Kf6 49. Rd7 Nf5 50. Nf3 0-1

[Event "Colombo Golden Jubilee"]
[Site "Colombo"]
[Date "2022.11.30"]
[Round "3"]
[White "Fominyh, Alexander"]
[Black "Liyanage, Ranindu Dilshan"]
[Result "1/2-1/2"]
[WhiteElo "2285"]
[BlackElo "2331"]
[PlyCount "95"]
[EventDate "2022.11.29"]
[EventType "tourn"]
[EventRounds "10"]
[EventCountry "SRI"]
[EventCategory "3"]
[SourceTitle "CBM 211 Extra"]
[Source "ChessBase"]
[SourceDate "2023.01.31"]
[SourceVersion "1"]
[SourceVersionDate "2023.01.31"]
[SourceQuality "1"]

1. d4 Nf6 2. Nf3 d5 3. c4 e6 4. Nc3 dxc4 5. e3 a6 6. Bxc4 b5 7. Bb3 Bb7 8. 0-0 Nbd7 9. e4 b4 10. e5 bxc3 11. exf6 Qxf6 12. bxc3 Bd6 13. Re1 0-0 14. Ng5 h6 15. Nf3 e5 16. Be3 Rad8 17. Rb1 Ba8 18. Bc4 e4 19. Nd2 Qg6 20. Rb2 Kh8 21. Be2 c5 22. Nc4 Bb8 23. dxc5 f5 24. f4 Qc6 25. Qc1 Nxc5 26. Bd4 Ne6 27. Ne5 Qe8 28. Bxa6 Nxd4 29. Rxb8 Nf3+ 30. Nxf3 Rxb8 31. Ne5 Rf6 32. Bc4 Rfb6 33. Bb3 Kh7 34. Qe3 Qe7 35. c4 Re6 36. Rd1 Rxe5 37. fxe5 Qxe5 38. g3 Bc6 39. Qd4 Qa5 40. Qd6 e3 41. Qxb8 e2 42. Qf4 exd1Q+ 43. Bxd1 Qe1+ 44. Qf1 Qe3+ 45. Qf2 Qe4 46. Kf1 Qxc4+ 47. Ke1 Be4 48. Qd2 1/2-1/2

[Event "Johor op 6th"]
[Site "Johor"]
[Date "2019.12.05"]
[Round "6"]
[White "Nouri, Alekhine"]
[Black "Fominyh, Alexander"]
[Result "1-0"]
[WhiteElo "2212"]
[BlackElo "2341"]
[PlyCount "63"]
[EventDate "2019.12.02"]
[EventType "swiss"]
[EventRounds "9"]
[EventCountry "MAS"]
[SourceTitle "CBM 193 Extra"]
[Source "ChessBase"]
[SourceDate "2020.01.31"]
[SourceVersion "1"]
[SourceVersionDate "2020.01.31"]
[SourceQuality "1"]

1. e4 c5 2. Nf3 e6 3. d4 cxd4 4. Nxd4 Nc6 5. Nc3 a6 6. Be3 Nf6 7. Qf3 Bb4 8. Nxc6 bxc6 9. Bd3 Qa5 10. 0-0 0-0 11. Qg3 Nh5 12. Qh4 g6 13. a3 Bxc3 14. bxc3 h6 15. c4 c5 16. f4 f5 17. Qe7 Nf6 18. Qxc5 Qxc5 19. Bxc5 Rf7 20. e5 Ne4 21. Bd6 Bb7 22. Rab1 Bc6 23. Rb6 g5 24. fxg5 Nxg5 25. Rfb1 Rg7 26. Rb8+ Kf7 27. Kf1 Rg8 28. Rxa8 Rxa8 29. c5 Ne4 30. Rb6 Nxd6 31. cxd6 Rg8 32. g3 1-0

[Event "Johor op 6th"]
[Site "Johor"]
[Date "2019.12.04"]
[Round "4"]
[White "Garv, Rai"]
[Black "Fominyh, Alexander"]
[Result "0-1"]
[WhiteElo "1774"]
[BlackElo "2341"]
[PlyCount "42"]
[EventDate "2019.12.02"]
[EventType "swiss"]
[EventRounds "9"]
[EventCountry "MAS"]
[SourceTitle "CBM 193 Extra"]
[Source "ChessBase"]
[SourceDate "2020.01.31"]
[SourceVersion "1"]
[SourceVersionDate "2020.01.31"]
[SourceQuality "1"]

1. d4 Nf6 2. Bf4 c5 3. d5 b5 4. a4 Bb7 5. e4 b4 6. Nd2 g6 7. Bd3 Bg7 8. Nc4 0-0 9. f3 d6 10. Ne2 Nbd7 11. Qd2 Ba6 12. Ne3 Qc8 13. Bxa6 Qxa6 14. Ng3 Ne8 15. Ra2 Rb8 16. h4 b3 17. cxb3 Ne5 18. Bxe5 Bxe5 19. Ne2 Rxb3 20. Nc1 Rb4 21. Kf2 Nf6 0-1

[Event "Hong Kong Jolimark op"]
[Site "Hong Kong"]
[Date "2018.12.24"]
[Round "5"]
[White "Li, Bo"]
[Black "Fominyh, Alexander"]
[Result "1-0"]
[WhiteElo "2312"]
[BlackElo "2369"]
[PlyCount "75"]
[EventDate "2018.12.22"]
[EventType "swiss"]
[EventRounds "9"]
[EventCountry "HKG"]
[SourceTitle "CBM 188 Extra"]
[Source "ChessBase"]
[SourceDate "2019.02.26"]
[SourceVersion "1"]
[SourceVersionDate "2019.02.26"]
[SourceQuality "1"]

1. d4 d5 2. c4 dxc4 3. Nf3 Nf6 4. Qa4+ c6 5. Qxc4 Bg4 6. Nc3 Nbd7 7. e4 e6 8. Be3 Be7 9. Be2 0-0 10. 0-0 Rc8 11. Rfd1 Bh5 12. a4 Bg6 13. Nd2 c5 14. Qb5 Qc7 15. Rac1 a6 16. Qb3 Qb6 17. Qxb6 Nxb6 18. dxc5 Bxc5 19. Bxc5 Rxc5 20. Nb3 Rcc8 21. f3 Nc4 22. Rd4 Ne5 23. Rb4 Rb8 24. Nc5 Nfd7 25. Nxd7 Nxd7 26. Rd1 Nc5 27. Rb6 a5 28. Rb5 b6 29. Rd6 Rfc8 30. Rbxb6 f6 31. Bc4 Rxb6 32. Rxb6 Kf8 33. Bxe6 Nxe6 34. Rxe6 Rb8 35. Ra6 Rxb2 36. Rxa5 Bf7 37. Ra8+ Ke7 38. Ra7+ 1-0

[Event "Hong Kong Jolimark op"]
[Site "Hong Kong"]
[Date "2018.12.23"]
[Round "3"]
[White "Lin, Peisen"]
[Black "Fominyh, Alexander"]
[Result "1/2-1/2"]
[WhiteElo "2018"]
[BlackElo "2369"]
[PlyCount "75"]
[EventDate "2018.12.22"]
[EventType "swiss"]
[EventRounds "9"]
[EventCountry "HKG"]
[SourceTitle "CBM 188 Extra"]
[Source "ChessBase"]
[SourceDate "2019.02.26"]
[SourceVersion "1"]
[SourceVersionDate "2019.02.26"]
[SourceQuality "1"]

1. e4 c5 2. Nf3 Nc6 3. d4 cxd4 4. Nxd4 e6 5. Nc3 a6 6. Be3 Nf6 7. Qf3 Bb4 8. Nxc6 bxc6 9. Bd4 d5 10. 0-0-0 0-0 11. exd5 cxd5 12. Be2 a5 13. Qg3 Ba6 14. Bf3 Bd6 15. Be5 Bxe5 16. Qxe5 Qb8 17. Qxb8 Raxb8 18. Rhe1 Rfc8 19. g3 Kf8 20. Bg2 Ne8 21. Ne2 Bc4 22. Kb1 Nd6 23. Nd4 g5 24. f4 gxf4 25. gxf4 Nb5 26. Nxb5 Rxb5 27. b3 Rb6 28. f5 a4 29. Rd2 axb3 30. cxb3 Bxb3 31. axb3 Rxb3+ 32. Rb2 Rcb8 33. Rxb3 Rxb3+ 34. Kc2 Ra3 35. Kb2 Rd3 36. Kc2 Ra3 37. Kb2 Rd3 38. Kc2 1/2-1/2

[Event "Gujarat op 1st"]
[Site "Ahmedabad"]
[Date "2018.10.12"]
[Round "10"]
[White "Sivuk, Vitaly"]
[Black "Fominyh, Alexander"]
[Result "1-0"]
[WhiteElo "2545"]
[BlackElo "2405"]
[PlyCount "89"]
[EventDate "2018.10.05"]
[EventType "swiss"]
[EventRounds "10"]
[EventCountry "IND"]
[SourceTitle "CBM 186 Extra"]
[Source "ChessBase"]
[SourceDate "2018.08.24"]
[SourceVersion "1"]
[SourceVersionDate "2018.08.24"]
[SourceQuality "1"]

1. c4 e5 2. Nc3 Nf6 3. Nf3 Nc6 4. g3 Bc5 5. d3 d6 6. Bg2 0-0 7. 0-0 h6 8. a3 a6 9. b4 Ba7 10. Bb2 Rb8 11. Nd2 Nd4 12. Re1 c6 13. e3 Ne6 14. Qb3 Ng5 15. Kh1 Re8 16. Re2 Bf5 17. Nce4 Ngxe4 18. dxe4 Bg4 19. f3 Be6 20. f4 b5 21. Qc2 Ng4 22. c5 dxc5 23. bxc5 exf4 24. exf4 Qe7 25. Rc1 Rbd8 26. e5 Bd5 27. Bxd5 Rxd5 28. Ne4 h5 29. Rce1 Bxc5 30. h3 Nh6 31. Nf6+ gxf6 32. exf6 Qd7 33. Rxe8+ Bf8 34. Qg2 Rd2 35. R1e2 Rxe2 36. Rxe2 Nf5 37. Qf3 c5 38. Kh2 Qd1 39. Qxh5 Qf1 40. Rd2 Qe1 41. Rg2 Ne3 42. Re2 Qf1 43. h4 Nd1 44. Rd2 Ne3 45. Qe2 1-0

[Event "Gujarat op 1st"]
[Site "Ahmedabad"]
[Date "2018.10.11"]
[Round "9"]
[White "Fominyh, Alexander"]
[Black "Pranesh, M."]
[Result "1-0"]
[WhiteElo "2405"]
[BlackElo "2028"]
[PlyCount "155"]
[EventDate "2018.10.05"]
[EventType "swiss"]
[EventRounds "10"]
[EventCountry "IND"]
[SourceTitle "CBM 186 Extra"]
[Source "ChessBase"]
[SourceDate "2018.08.24"]
[SourceVersion "1"]
[SourceVersionDate "2018.08.24"]
[SourceQuality "1"]

1. Nf3 Nf6 2. c4 e6 3. g3 d5 4. Bg2 Be7 5. d4 0-0 6. Qc2 a6 7. Nbd2 Nbd7 8. 0-0 b6 9. Ne5 Bb7 10. cxd5 Nxe5 11. dxe5 Nxd5 12. a3 c5 13. Rd1 b5 14. e4 Nb6 15. Nc4 Qc7 16. Nd6 Bxd6 17. exd6 Qc6 18. b3 Rfd8 19. Be3 Rac8 20. Rac1 Rxd6 21. Rxd6 Qxd6 22. Bxc5 Qd8 23. Qd1 Nd7 24. Bd4 h6 25. h4 Nf6 26. Rxc8 Bxc8 27. Qa1 Bb7 28. Bxf6 Qxf6 29. Qxf6 gxf6 30. Kf1 Kf8 31. Ke2 Ke7 32. Kd3 Kd7 33. f4 e5 34. Bh3+ Kd6 35. b4 Ke7 36. Ke3 Kf8 37. Bd7 Kg7 38. Bg4 Kf8 39. Bd1 Kg7 40. Bb3 Kf8 41. Bd5 Bc8 42. Kf3 Kg7 43. Bc6 Kf8 44. f5 h5 45. Ke3 Ke7 46. Kd3 Kd6 47. Ba8 Ke7 48. Bd5 Kf8 49. Kc3 Kg7 50. Kb3 Kg8 51. Bc6 Kf8 52. a4 bxa4+ 53. Kxa4 Ke7 54. Ka5 Kd6 55. Kb6 a5 56. bxa5 Ba6 57. Bb7 Be2 58. a6 Bxa6 59. Bxa6 Ke7 60. Be2 Kf8 61. Bxh5 Kg7 62. Be2 Kh6 63. Kc6 Kg7 64. Kd6 Kh8 65. Ke7 Kg7 66. g4 Kh8 67. Kxf7 Kh7 68. Kxf6 Kh8 69. Kxe5 Kg7 70. Kd6 Kh7 71. e5 Kh8 72. e6 Kg7 73. g5 Kh7 74. e7 Kg7 75. Bh5 Kh7 76. f6 Kg8 77. g6 Kh8 78. e8Q# 1-0

[Event "Gujarat op 1st"]
[Site "Ahmedabad"]
[Date "2018.10.10"]
[Round "8"]
[White "Nayak, Rajesh"]
[Black "Fominyh, Alexander"]
[Result "1/2-1/2"]
[WhiteElo "2084"]
[BlackElo "2405"]
[PlyCount "82"]
[EventDate "2018.10.05"]
[EventType "swiss"]
[EventRounds "10"]
[EventCountry "IND"]
[SourceTitle "CBM 186 Extra"]
[Source "ChessBase"]
[SourceDate "2018.08.24"]
[SourceVersion "1"]
[SourceVersionDate "2018.08.24"]
[SourceQuality "1"]

1. e4 c5 2. Nf3 e6 3. d4 cxd4 4. Nxd4 a6 5. Nc3 b5 6. Be3 Bb7 7. Bd3 b4 8. Nce2 Nf6 9. f3 e5 10. Nb3 d5 11. exd5 Nxd5 12. Bf2 Nd7 13. 0-0 Be7 14. c4 bxc3 15. Nxc3 Nxc3 16. bxc3 Qc7 17. Rb1 Bc6 18. Qe2 a5 19. Kh1 a4 20. Nd2 0-0 21. Nc4 Rab8 22. f4 e4 23. Rxb8 Rxb8 24. Bxe4 Bxe4 25. Qxe4 Nf6 26. Qe2 Bc5 27. Qe5 Qxe5 28. fxe5 Ne4 29. Bxc5 Nxc5 30. h3 Ne4 31. Rc1 Kf8 32. Kh2 Ke7 33. Nd6 Nxd6 34. exd6+ Kxd6 35. Rd1+ Ke6 36. Rd4 Rc8 37. Rxa4 Rxc3 38. Rg4 g6 39. a4 Ra3 40. Rb4 h5 41. h4 f6 1/2-1/2

[Event "Gujarat op 1st"]
[Site "Ahmedabad"]
[Date "2018.10.09"]
[Round "6"]
[White "Michelle, Catherina P"]
[Black "Fominyh, Alexander"]
[Result "1-0"]
[WhiteElo "2147"]
[BlackElo "2405"]
[PlyCount "95"]
[EventDate "2018.10.05"]
[EventType "swiss"]
[EventRounds "10"]
[EventCountry "IND"]
[SourceTitle "CBM 186 Extra"]
[Source "ChessBase"]
[SourceDate "2018.08.24"]
[SourceVersion "1"]
[SourceVersionDate "2018.08.24"]
[SourceQuality "1"]

1. e4 c5 2. Nf3 Nc6 3. d4 cxd4 4. Nxd4 Qb6 5. Nb3 Nf6 6. Nc3 e6 7. Qe2 Bb4 8. Bd2 0-0 9. a3 Be7 10. 0-0-0 d5 11. exd5 exd5 12. Be3 Qc7 13. h3 Be6 14. g4 Rfd8 15. Nb5 Qc8 16. N5d4 a5 17. f4 Bd7 18. Bg2 a4 19. Nxc6 bxc6 20. Nc5 Bxc5 21. Bxc5 Re8 22. Qf2 Qa6 23. Rhe1 Qc4 24. Kb1 Rxe1 25. Rxe1 Ne4 26. Bxe4 dxe4 27. f5 f6 28. Rd1 Be8 29. Qd4 Qe2 30. Bb4 h6 31. Re1 Qf3 32. Qxe4 Qxe4 33. Rxe4 Bf7 34. Kc1 Bd5 35. Re3 h5 36. b3 Kh7 37. Kb2 Ra6 38. Kc3 hxg4 39. hxg4 Kh6 40. Kd4 axb3 41. c4 Bf7 42. Bd2 Kg5 43. Re7+ Kxg4 44. Rxf7 Kxf5 45. Rxg7 Rxa3 46. Rb7 Kg4 47. Kc3 f5 48. Rxb3 1-0

[Event "Gujarat op 1st"]
[Site "Ahmedabad"]
[Date "2018.10.08"]
[Round "5"]
[White "Fominyh, Alexander"]
[Black "Deshpande, Aniruddha"]
[Result "1-0"]
[WhiteElo "2405"]
[BlackElo "2213"]
[PlyCount "55"]
[EventDate "2018.10.05"]
[EventType "swiss"]
[EventRounds "10"]
[EventCountry "IND"]
[SourceTitle "CBM 186 Extra"]
[Source "ChessBase"]
[SourceDate "2018.08.24"]
[SourceVersion "1"]
[SourceVersionDate "2018.08.24"]
[SourceQuality "1"]

1. d4 Nf6 2. Nf3 c5 3. d5 d6 4. Nc3 e5 5. e4 Be7 6. a4 Nbd7 7. g3 0-0 8. Nh4 b6 9. Nf5 a6 10. Bd3 c4 11. Bxc4 Nc5 12. Nxe7+ Qxe7 13. f3 Bh3 14. Be3 Nh5 15. Bf1 Bxf1 16. Kxf1 f5 17. exf5 Rxf5 18. Kg2 Raf8 19. Bxc5 bxc5 20. Rf1 Qd7 21. Qe2 Rg5 22. Qd2 Nf4+ 23. Kh1 Nh3 24. Ne4 Rgf5 25. Kg2 Rh5 26. a5 Rh6 27. Ra3 Rb8 28. Qxh6 1-0

[Event "Kathmandu op"]
[Site "Kathmandu"]
[Date "2018.04.14"]
[Round "4"]
[White "Fominyh, Alexander"]
[Black "Sandipan, Chanda"]
[Result "1/2-1/2"]
[WhiteElo "2391"]
[BlackElo "2579"]
[PlyCount "65"]
[EventDate "2018.04.13"]
[EventType "swiss"]
[EventRounds "9"]
[EventCountry "NEP"]
[SourceTitle "CBM 183 Extra"]
[Source "ChessBase"]
[SourceDate "2018.04.19"]
[SourceVersion "1"]
[SourceVersionDate "2018.04.19"]
[SourceQuality "1"]

1. d4 f5 2. c4 Nf6 3. g3 g6 4. Bg2 Bg7 5. Nf3 0-0 6. Nc3 e6 7. d5 Na6 8. 0-0 Nc5 9. dxe6 dxe6 10. Qxd8 Rxd8 11. Bf4 c6 12. Rfd1 Re8 13. Bd6 Nfd7 14. Nd4 e5 15. Nb3 Ne6 16. Na5 e4 17. Rac1 Ne5 18. c5 Nf7 19. Nc4 Nd4 20. Bf4 Be6 21. Nd6 Nxd6 22. cxd6 Bd7 23. Be3 Ne6 24. f3 exf3 25. Bxf3 Nd8 26. Bf4 Nf7 27. Na4 g5 28. Bd2 g4 29. Bg2 Rxe2 30. Bf4 Rd8 31. Kf1 Rxg2 32. Kxg2 b6 33. b4 1/2-1/2

[Event "Djenovici TS03 IM"]
[Site "Djenovici"]
[Date "2018.03.25"]
[Round "11"]
[White "Fominyh, Alexander"]
[Black "Kecskemeti, Arpad"]
[Result "1-0"]
[WhiteElo "2406"]
[BlackElo "2308"]
[PlyCount "59"]
[EventDate "2018.03.17"]
[EventType "tourn"]
[EventRounds "11"]
[EventCountry "MNE"]
[EventCategory "3"]
[SourceTitle "CBM 183 Extra"]
[Source "ChessBase"]
[SourceDate "2018.04.19"]
[SourceVersion "1"]
[SourceVersionDate "2018.04.19"]
[SourceQuality "1"]

1. d4 Nf6 2. Nf3 g6 3. g3 Bg7 4. Bg2 0-0 5. c4 d6 6. Nc3 c6 7. 0-0 a6 8. e4 b5 9. e5 Ne8 10. Qe2 bxc4 11. Qxc4 a5 12. Re1 Ba6 13. Qb3 Nc7 14. exd6 exd6 15. Bg5 Qd7 16. Re7 Qc8 17. Rae1 Ra7 18. Qa3 Rb7 19. Qxd6 Bc4 20. Qc5 Be6 21. Qxa5 Nd7 22. Ne5 h6 23. Nxc6 Kh7 24. Bc1 Bf6 25. d5 Bxc3 26. bxc3 Rb5 27. dxe6 Rxa5 28. exd7 Qa6 29. Nxa5 Qxa5 30. Rxf7+ 1-0